Une lettre suffit pour répondre juste #26 (attention 10 lettres tuent) - Statistiques

Statistiques générales
  • Ce quiz a été pris 101 fois
  • Le résultat moyen est 2 sur 6
Statistiques - réponses
Hint Réponse % Correct
Donne une des 5 lettres du mot qui complète le nom du groupe en image : _ _ _ _ _ Eyed Peas
BLACK
100%
Donne une des 4 lettres du nom du service de renseignement où se trouve le Bureau des légendes (BDL) qui forme et dirige à distance les agents dits clandestins dans la série TV en extrait
DGSE
59%
Donne une des 3 lettres du parti politique français fondé en 2007 par François Asselineau (qui a fait 0.92% à la présidentielle de 2017)
UPR
32%
Donne une des 2 lettres du nom de famille de cette actrice canadienne connue dans la série Grey's Anatomy : Sandra ??
OH
20%
Donne la lettre présente en 1ere et dernière position dans le nom de ce groupe de hard rock français connu pour son single Antisocial
T (Trust)
14%
Donne la lettre qui prononcée est implacable quand on la voue à quelqu'un N (Haine)
6%
Aucun quiz correspondant
Distribution des résultats
% des personnes avec chaque résultat
Percentile par nombre de réponses
Votre historique - résultats
Vous n’avez pas pris ce quiz